[Event "Rewal op 11th"]
[Site "Rewal"]
[Date "2006.08.29"]
[Round "11"]
[White "Czachor, Grzegorz"]
[Black "Grychtol, Karol"]
[Result "1-0"]
[WhiteElo "1991"]
[BlackElo "1847"]
[PlyCount "83"]
[EventDate "2006.08.21"]
[EventType "swiss"]
[EventRounds "11"]
[EventCountry "POL"]
[SourceTitle "EXT 2010"]
[Source "ChessBase"]
[SourceDate "2010.11.25"]
[SourceVersion "1"]
[SourceVersionDate "2010.11.25"]
[SourceQuality "1"]

1. Nf3 Nf6 2. c4 e6 3. g3 b6 4. Bg2 Bb7 5. 0-0 Be7 6. d4 d5 7. Ne5 0-0 8. Nc3 Nbd7 9. Bf4 a6 10. Qc2 Rc8 11. Rfd1 Ba8 12. Rac1 Bd6 13. Qb1 dxc4 14. Bxa8 Rxa8 15. e4 Qe8 16. Nxd7 Nxd7 17. e5 Bb4 18. Ne4 b5 19. Ng5 g6 20. Ne4 Qc8 21. d5 exd5 22. Rxd5 Nb6 23. Rd4 Be7 24. Rcd1 Rd8 25. Rxd8+ Bxd8 26. Qc1 Be7 27. Bg5 Bxg5 28. Qxg5 Qf8 29. Qh4 Qg7 30. Nf6+ Kh8 31. Qe4 Qf8 32. Qd4 Qg7 33. Qd8+ Qf8 34. Qxc7 Na4 35. e6 Nxb2 36. e7 Nxd1 37. exf8Q+ Rxf8 38. Qd6 Kg7 39. Nd7 Re8 40. Qxd1 Re6 41. Qd4+ Kg8 42. Qc5 1-0

[Event "Rewal op 11th"]
[Site "Rewal"]
[Date "2006.08.27"]
[Round "9"]
[White "Skawinski, Arkadiusz"]
[Black "Grychtol, Karol"]
[Result "1-0"]
[WhiteElo "2148"]
[BlackElo "1847"]
[PlyCount "71"]
[EventDate "2006.08.21"]
[EventType "swiss"]
[EventRounds "11"]
[EventCountry "POL"]
[SourceTitle "EXT 2010"]
[Source "ChessBase"]
[SourceDate "2010.11.25"]
[SourceVersion "1"]
[SourceVersionDate "2010.11.25"]
[SourceQuality "1"]

1. e4 e6 2. d4 d5 3. e5 c5 4. c3 Qb6 5. Nf3 Nc6 6. a3 cxd4 7. cxd4 Bd7 8. Nc3 Nge7 9. b4 Nf5 10. Na4 Qd8 11. Bb2 h5 12. h4 Be7 13. Bd3 Nxh4 14. Nxh4 Bxh4 15. Nc5 Rb8 16. g3 Be7 17. Rxh5 Rxh5 18. Qxh5 Bxc5 19. dxc5 Qe7 20. Bc1 Qf8 21. Bb2 a6 22. Ke2 Na7 23. Rh1 Bb5 24. Qg5 Bxd3+ 25. Kxd3 Qg8 26. g4 Kd7 27. f4 Rf8 28. a4 Rc8 29. f5 Rf8 30. Bc3 Rc8 31. Rh2 Rf8 32. c6+ Nxc6 33. b5 axb5 34. axb5 Na7 35. Bb4 Nxb5 36. Qe7+ 1-0

[Event "Rewal op 11th"]
[Site "Rewal"]
[Date "2006.08.26"]
[Round "7"]
[White "Smirnov, Alexander"]
[Black "Grychtol, Karol"]
[Result "1-0"]
[WhiteElo "2235"]
[BlackElo "1847"]
[PlyCount "101"]
[EventDate "2006.08.21"]
[EventType "swiss"]
[EventRounds "11"]
[EventCountry "POL"]
[SourceTitle "EXT 2010"]
[Source "ChessBase"]
[SourceDate "2010.11.25"]
[SourceVersion "1"]
[SourceVersionDate "2010.11.25"]
[SourceQuality "1"]

1. e4 e6 2. d3 d5 3. Nd2 c5 4. Ngf3 Nf6 5. Be2 Nc6 6. 0-0 Be7 7. c3 0-0 8. Re1 Re8 9. e5 Nd7 10. Bf1 b5 11. g3 Qc7 12. d4 c4 13. h4 a5 14. Ng5 g6 15. Ndf3 h5 16. Bh3 Nf8 17. Bf4 Nh7 18. g4 Nxg5 19. Nxg5 hxg4 20. Qxg4 Bf8 21. h5 Ne7 22. Qh4 Bg7 23. Re3 gxh5 24. Qxh5 Ng6 25. Rf3 Re7 26. Qh7+ Kf8 27. Bh2 Nh8 28. Kh1 Ra7 29. Rg1 b4 30. Bxe6 Bxe6 31. Qxg7+ Ke8 32. Qxh8+ Kd7 33. Nxf7 Kc6 34. Ng5 b3 35. axb3 cxb3 36. Rf6 a4 37. Nxe6 Rxe6 38. Rxe6+ Kb5 39. Qf8 Kc4 40. Qb4+ Kd3 41. Qb5+ Qc4 42. Qe8 Kc2 43. Qg6+ Qd3 44. Rc1+ Kxc1 45. Qxd3 Kxb2 46. Rb6 Ka3 47. Qd2 Rh7 48. Qc1+ Ka2 49. Ra6 b2 50. Rxa4+ Kb3 51. Rb4+ 1-0

[Event "Rewal op 11th"]
[Site "Rewal"]
[Date "2006.08.25"]
[Round "6"]
[White "Grychtol, Karol"]
[Black "Kielar, Maciej"]
[Result "1/2-1/2"]
[WhiteElo "1847"]
[BlackElo "1942"]
[PlyCount "29"]
[EventDate "2006.08.21"]
[EventType "swiss"]
[EventRounds "11"]
[EventCountry "POL"]
[SourceTitle "EXT 2010"]
[Source "ChessBase"]
[SourceDate "2010.11.25"]
[SourceVersion "1"]
[SourceVersionDate "2010.11.25"]
[SourceQuality "1"]

1. d4 Nf6 2. c4 g6 3. Nc3 d6 4. Bg5 Bg7 5. Nf3 h6 6. Bh4 0-0 7. e3 Nbd7 8. Bd3 e5 9. d5 Nc5 10. e4 g5 11. Bg3 Nh5 12. b4 Nxd3+ 13. Qxd3 Nf4 14. Bxf4 gxf4 15. c5 1/2-1/2